000 00608nam a2200205 i 4500
001 58034
003 ES-MaACL
005 20230906163718.0
007 t|
008 031020s1961 sp ||||1| spa d
100 1 _aDunne, Desmond.
_946060
245 1 0 _aHipnotismo /
_cpor Desmond Dunne ; versión española de Enriqueta Ferrer y Víctor Scholz.
250 _a[1ª ed.].
260 _aBarcelona :
_bBruguera,
_c[1961]
300 _a193 p. ;
_c22 cm.
650 0 4 _aHipnosis.
_913363
700 1 _aFerrer, Enriqueta.
_950414
700 1 _aScholz, Víctor.
_9104643
852 _aES-MaACL
_jC-19824
_bR.47779
999 _c58034
_d58034